000 00694nam a2200205Ii 4500
003 JO-AjNU
008 230605s9999||||xx |||||||||||||| ||und||
040 _aJO-AjNU
_bara
_erda
_cJO-AjNU
041 _aara
050 1 4 _aBP144.M8778 1988
100 3 _aشرف، موسى صالح,
_eauthor
_918647
245 0 0 _aفتاوى النساء العصرية
250 _aط4
264 3 1 _aبيروت،القاهرة: دار الجيل، مكتبة التراث الاسلامي، 1988
300 _a190ص
336 _atext
_btxt
_2rdacontent
337 _aunmediated
_bn
_2rdamedia
338 _avolume
_bnc
_2rdacarrier
650 4 _aالفقه الاسلامي- المرأة المسلمة
_918648
999 _aA6004
_c9572
_d9572